000 01550nam a2200397 a 4500
999 _c287
_d287
003 BLK
005 20250516131554.0
008 180412b bul|||||r ||||||| ||bul||
010 _aKNG00000448000
020 _a954-05-0242-Х
040 _aBLK
041 _aBUL
_cBUL
080 _aДекоративни растения. Декоративно градинарство
_b635.9
_x(035)
_z635.9(035)
100 1 _aПапазова, Гена Й.
_eпърви автор
_9242103
139 _aПапазова, Гена Й. и др.
_bП 21
245 1 0 _aЦветя и декоративни храсти
_b[Ръководство]
_cГена Й. Папазова; съавт. Радка Г. Цанкова.
257 _aBGR
260 _aСофия
_bЗемиздат
_c1994
300 _a315 с.
_bс ил., табл.
_c20 см
380 _a63
500 _a8 050 тир.
650 4 _aЦветарство - наръчници и ръководства
_9242105
650 4 _aДекоративни растения - наръчници и ръководства
_9242106
653 _aцветя
653 _aцветарство
653 _aхрасти
653 _aдекоративни растения
700 1 _aЦанкова, Радка Г.
_eсъавт.
_9242104
852 _aЦб 175021
_bЦб
856 4 _qpdf
_u
_i0.00
_ldisable
856 4 _qpdf
_u
_i0.00
_ldisable
942 _cKNG
_n0
_04
_s1
944 _aCR
_c15.01.2003
_k30542
_lРусанова Ирена
944 _aED
_c16.04.2004
999 _d287